| 000 | 00454nam a2200169Ia 4500 | ||
|---|---|---|---|
| 008 | 230524s9999 xx 000 0 und d | ||
| 020 | _a9788177583830 | ||
| 082 |
_a655.155 _bMAR |
||
| 100 | _aJoseph J.Martocchio | ||
| 245 | 0 | _a"Strategic Compensation : A Human Resource Management Approach, " | |
| 250 | _a12TH | ||
| 260 |
_aNEW DELHI _bPearson _c2008 |
||
| 300 | _aVII;308 | ||
| 500 | _aQuantity Number: 10 | ||
| 650 | _aManagement | ||
| 942 | _cBK | ||
| 999 |
_c44173 _d44173 |
||